[Event "Karditsa"]
[Site "Karditsa"]
[Date "1996.??.??"]
[Round "3"]
[White "Skembris, Spyridon"]
[Black "Alterman, Boris"]
[Result "1/2-1/2"]
[WhiteElo "2505"]
[BlackElo "2585"]
[PlyCount "45"]
[EventDate "1996.03.??"]
[Source "ChessBase"]

1. d4 Nf6 2. c4 g6 3. Nc3 d5 4. Bf4 Bg7 5. e3 c5 6. dxc5 Qa5 7. Qa4+ Qxa4 8. Nxa4 O-O 9. Nf3 Ne4 10. cxd5 Bd7 11. c6 bxc6 12. Bc4 c5 13. Bd3 Bxa4 14. Bxe4 Nd7 15. d6 Rae8 16. dxe7 Rxe7 17. Bd3 Bxb2 18. Rb1 Ne5 19. Bxe5 Bxe5 20. Ke2 Bc6 21. Rhc1 Bd6 22. Bb5 Be4 23. Bd3 1/2-1/2

[Event "Wroxham Masters"]
[Site "Wroxham"]
[Date "2002.03.09"]
[Round "1"]
[White "Flear, Glenn C"]
[Black "Bauer, Christian"]
[Result "1/2-1/2"]
[WhiteElo "2511"]
[BlackElo "2578"]
[PlyCount "50"]
[EventDate "2002.03.09"]
[Source "ChessBase"]
[SourceDate "2002.05.03"]

1. d4 Nf6 2. c4 g6 3. Nc3 d5 4. Bf4 Bg7 5. e3 c5 6. dxc5 Qa5 7. Rc1 Ne4 8. cxd5 Nxc3 9. Qd2 Qxa2 10. bxc3 Qa5 11. Bc4 Nd7 12. Nf3 Nxc5 13. O-O O-O 14. Be5 Bxe5 15. Nxe5 f6 16. d6+ e6 17. Nf3 b5 18. Ra1 Qb6 19. Rfb1 Ne4 20. Qd3 Nxd6 21. Bxb5 Qc5 22. Ba6 e5 23. Bxc8 Raxc8 24. Ra6 Rfd8 25. Qc2 Qxc3 1/2-1/2

[Event "Thessaloniki (ol)"]
[Site "?"]
[Date "1988.??.??"]
[Round "?"]
[White "Pinter, J."]
[Black "Popovic, P."]
[Result "1-0"]
[WhiteElo "2555"]
[BlackElo "2530"]
[PlyCount "115"]
[EventDate "1988.??.??"]
[Source "ChessBase"]
[SourceDate "1988.07.01"]

1. d4 Nf6 2. c4 g6 3. Nc3 d5 4. Bf4 Bg7 5. Rc1 Nh5 6. Bg5 h6 7. Bd2 dxc4 8. e3 Be6 9. Nf3 c6 10. Ne4 Bd5 11. Qc2 b5 12. Nc5 f5 13. Nh4 Qd6 14. Be2 O-O 15. O-O Qf6 16. g3 Qf7 17. f3 g5 18. Ng2 f4 19. g4 fxe3 20. Bxe3 Nf4 21. Nxf4 gxf4 22. Bf2 e6 23. b3 cxb3 24. axb3 Nd7 25. Ne4 e5 26. Nd6 Qe6 27. Nf5 e4 28. fxe4 Qxe4 29. Qxe4 Bxe4 30. Ne7+ Kh8 31. Nxc6 a6 32. Rfe1 Rae8 33. Bf1 Re6 34. Bd3 Rfe8 35. Bxe4 Rxe4 36. Kg2 Nf6 37. Kf3 Rxe1 38. Rxe1 Rc8 39. Re6 Nd5 40. Rd6 Kh7 41. Rxd5 Rxc6 42. Rc5 Rd6 43. d5 Rd7 44. h4 Bf8 45. Rc8 Bg7 46. Ke4 Re7+ 47. Kxf4 Rf7+ 48. Ke3 Re7+ 49. Kd3 Rd7 50. Rc5 Bf8 51. Kd4 Bxc5+ 52. Kxc5 Rc7+ 53. Kb6 Rc2 54. Bc5 Kg6 55. d6 Rd2 56. Kc7 Rd5 57. b4 a5 58. d7 1-0

[Event "Vikings GM"]
[Site "York"]
[Date "1999.12.20"]
[Round "8"]
[White "Rowson, Jonathan"]
[Black "Sutovsky, Emil"]
[Result "1/2-1/2"]
[WhiteElo "2490"]
[BlackElo "2587"]
[PlyCount "55"]
[EventDate "1999.12.13"]
[Source "ChessBase"]
[SourceDate "2000.04.05"]

1. d4 Nf6 2. c4 g6 3. Nc3 d5 4. Bf4 Bg7 5. e3 c5 6. dxc5 Qa5 7. Rc1 Ne4 8. cxd5 Nxc3 9. Qd2 Qxa2 10. bxc3 Qa5 11. Nf3 Nd7 12. Nd4 O-O 13. c6 Nc5 14. Bc4 b5 15. Ba2 Nd3+ 16. Qxd3 Qxa2 17. Nxb5 e5 18. O-O e4 19. Qd1 a5 20. Re1 a4 21. Re2 Qc4 22. Nd6 Qa6 23. Nxe4 a3 24. Ra2 Qc4 25. Qc2 Qxd5 26. Rca1 Bf5 27. f3 Bxe4 28. Qxe4 1/2-1/2

[Event "Ubeda op"]
[Site "Ubeda"]
[Date "1998.01.26"]
[Round "7"]
[White "Timoshenko, Georgy"]
[Black "Pelletier, Yannick"]
[Result "1-0"]
[WhiteElo "2560"]
[BlackElo "2515"]
[PlyCount "69"]
[EventDate "1998.01.20"]
[Source "ChessBase"]
[SourceDate "1998.03.09"]

1. d4 Nf6 2. c4 g6 3. Nc3 d5 4. Bf4 Bg7 5. e3 c5 6. dxc5 Qa5 7. Rc1 dxc4 8. Bxc4 O-O 9. Nge2 Qxc5 10. Qb3 Qa5 11. O-O Nbd7 12. Rfd1 a6 13. a4 Ne5 14. Nd5 Nxc4 15. Nxe7+ Kh8 16. Nxc8 Nxe3 17. Bxe3 Raxc8 18. Rxc8 Rxc8 19. Qxb7 Rf8 20. b3 Ng4 21. Qd5 Qc7 22. Bf4 Qb6 23. Bg3 Kg8 24. h3 Nh6 25. a5 Qf6 26. Qc4 Nf5 27. Bf4 h5 28. b4 Re8 29. Ng3 Nd4 30. Be3 Nb5 31. Ne4 Qe7 32. Nc5 Rc8 33. Qd5 Qf6 34. Qb7 Rc6 35. Qa8+ 1-0

[Event "Ashdod"]
[Site "?"]
[Date "2003.??.??"]
[Round "?"]
[White "Mikhalevski, V."]
[Black "Greenfeld, A."]
[Result "1-0"]
[WhiteElo "2548"]
[BlackElo "2527"]
[PlyCount "79"]
[EventDate "2003.??.??"]
[Source "Chess Informant"]
[SourceDate "2003.10.01"]

1. d4 Nf6 2. c4 g6 3. Nc3 d5 4. Bf4 Bg7 5. e3 c5 6. dxc5 Qa5 7. Rc1 dxc4 8. Bxc4 O-O 9. Nge2 Qxc5 10. Qb3 Nc6 11. Nb5 Qh5 12. Ng3 Qh4 13. Nc7 e5 14. Bxe5 Nxe5 15. Nxa8 Bd7 16. Nc7 Bc6 17. Nd5 Kh8 18. Nf4 g5 19. Nd3 Nxd3+ 20. Qxd3 Bxg2 21. Nf5 Qh3 22. Nxg7 Bxh1 23. Nf5 Bc6 24. Qd6 Nd7 25. Nd4 Qg2 26. Rd1 Qg1+ 27. Ke2 Qg4+ 28. Kd2 Qe4 29. Ke1 Kg7 30. Qg3 Kh8 31. Bb3 Ne5 32. Qxg5 Nf3+ 33. Nxf3 Qxf3 34. Qe5+ Kg8 35. Rd4 Re8 36. Qg5+ Kf8 37. Rg4 Qh1+ 38. Kd2 Qxh2 39. Qf6 Qh5 40. Rg5 1-0

[Event "Moscow RUS"]
[Site "?"]
[Date "2004.02.21"]
[Round "5"]
[White "Yakovich Yuri"]
[Black "Yandemirov Valeri"]
[Result "1/2-1/2"]
[WhiteElo "2585"]
[BlackElo "2488"]
[PlyCount "82"]
[EventDate "2004.??.??"]
[Source "www.chesslib.no"]
[SourceDate "2004.05.04"]

1. d4 Nf6 2. c4 g6 3. Nc3 d5 4. Bf4 Bg7 5. e3 c5 6. dxc5 Qa5 7. Rc1 dxc4 8. Bxc4 O-O 9. Nf3 Nbd7 10. O-O Nxc5 11. Qe2 Be6 12. Nb5 Bxc4 13. Qxc4 Ne6 14. Be5 a6 15. Nbd4 Nxd4 16. Bxd4 b5 17. Qb3 Rac8 18. Ne5 Rxc1 19. Rxc1 Qd2 20. Qc2 Qxc2 21. Rxc2 Nd5 22. g3 Bxe5 23. Bxe5 Nb6 24. Kf1 Rc8 25. Rxc8+ Nxc8 26. Ke2 Na7 27. Kd3 Nc6 28. Ke4 e6 29. Bf6 h6 30. h4 Kh7 31. g4 Kg8 32. h5 gxh5 33. gxh5 Kh7 34. f4 Kg8 35. f5 Kh7 36. Bc3 Kg8 37. f6 Kh7 38. Be5 Kg8 39. Bc7 Kh7 40. Bf4 Kg8 41. Bxh6 Kh7 1/2-1/2

[Event "World Open"]
[Site "Philadelphia, PA USA"]
[Date "1995.??.??"]
[Round "7"]
[White "Sagalchik, Gennadij"]
[Black "Kudrin, Sergey"]
[Result "1/2-1/2"]
[WhiteElo "2530"]
[BlackElo "2540"]
[PlyCount "59"]
[EventDate "1995.06.??"]
[Source "www.chesslib.no"]
[SourceDate "2004.05.04"]

1. d4 Nf6 2. c4 g6 3. Nc3 d5 4. Bf4 Bg7 5. e3 c5 6. dxc5 Qa5 7. Qb3 Ne4 8. Qb5+ Qxb5 9. Nxb5 Na6 10. cxd5 g5 11. f3 gxf4 12. fxe4 fxe3 13. Rb1 O-O 14. b4 f5 15. Bc4 fxe4 16. d6+ Kh8 17. dxe7 Re8 18. Ne2 Rxe7 19. Nd6 Be6 20. O-O Nc7 21. Bxe6 Nxe6 22. Rb3 Nd4 23. Rxe3 a5 24. Nf4 Nc2 25. Rh3 Bd4+ 26. Kh1 Rd7 27. Ne6 Bg7 28. Nxe4 axb4 29. Nd6 Rxa2 30. Nf8 1/2-1/2

[Event "Platonov mem"]
[Site "Kiev"]
[Date "1995.??.??"]
[Round "1"]
[White "Komarov, Dimitri"]
[Black "Mikhalevski, Victor"]
[Result "1/2-1/2"]
[WhiteElo "2575"]
[BlackElo "2495"]
[PlyCount "122"]
[EventDate "1995.??.??"]
[Source "ChessBase"]

1. d4 Nf6 2. c4 g6 3. Nc3 d5 4. Bf4 Bg7 5. Rc1 Nh5 6. Bd2 c5 7. dxc5 d4 8. Na4 Nf6 9. g3 Bd7 10. b4 Ne4 11. Nf3 Nxd2 12. Nxd2 Bc6 13. Nf3 d3 14. exd3 Bh6 15. Rb1 Qd7 16. Nc3 Qe6+ 17. Ne4 Bxe4 18. dxe4 Qxe4+ 19. Be2 Nc6 20. Qd3 Qxd3 21. Bxd3 O-O-O 22. Be4 Nd4 23. O-O Nxf3+ 24. Bxf3 Rd4 25. c6 bxc6 26. Bxc6 Rxc4 27. Bd5 Rc2 28. Bxf7 Rd8 29. Bb3 Re2 30. Rfe1 Rdd2 31. Rxe2 Rxe2 32. Kf1 Rd2 33. Rd1 Rxd1+ 34. Bxd1 Bd2 35. b5 Kc7 36. Ke2 Ba5 37. h4 Kd6 38. Bc2 e5 39. Kf3 Bb6 40. g4 Ke6 41. g5 Kf7 42. a4 Ke6 43. Be4 Ba5 44. Kg4 Kf7 45. Bd5+ Kg7 46. Kf3 h5 47. Ke4 Be1 48. Ke3 Kf8 49. Ke2 Ba5 50. Be4 Kf7 51. Kd3 Be1 52. Kc4 Bxf2 53. a5 Bxh4 54. b6 axb6 55. axb6 Bf2 56. Kb5 Bxb6 57. Kxb6 Ke6 58. Bxg6 h4 59. Be4 h3 60. Kc6 h2 61. g6 Kf6 1/2-1/2

[Event "Lvov"]
[Site "?"]
[Date "1987.??.??"]
[Round "?"]
[White "Gavrikov, V."]
[Black "Lputian, S."]
[Result "1/2-1/2"]
[WhiteElo "2525"]
[BlackElo "2540"]
[PlyCount "36"]
[EventDate "1987.??.??"]
[Source "ChessBase"]
[SourceDate "1987.07.01"]

1. d4 Nf6 2. c4 g6 3. Nc3 d5 4. Bf4 Bg7 5. e3 c5 6. dxc5 Qa5 7. Qa4+ Qxa4 8. Nxa4 Be6 9. cxd5 Nxd5 10. Bb5+ Nd7 11. Ne2 a6 12. Bxd7+ Bxd7 13. Nb6 Nxb6 14. cxb6 Bxb2 15. Rb1 Bg7 16. Bc7 Be6 17. a3 Bf5 18. Rd1 Bb2 1/2-1/2

[Event "Montpellier op 7th"]
[Site "Montpellier"]
[Date "2000.07.??"]
[Round "3"]
[White "Flear, Glenn C"]
[Black "Palac, Mladen"]
[Result "1/2-1/2"]
[WhiteElo "2480"]
[BlackElo "2573"]
[PlyCount "135"]
[EventDate "2000.07.05"]
[Source "www.chesslib.no"]
[SourceDate "2004.05.04"]

1. d4 Nf6 2. c4 g6 3. Nc3 d5 4. Bf4 Bg7 5. Qb3 Nh5 6. Be5 Bxe5 7. dxe5 dxc4 8. Qxc4 c6 9. e3 Be6 10. Qe4 Qa5 11. f4 Nd7 12. Nge2 O-O-O 13. Nd4 Nc5 14. Qf3 Bd5 15. Qh3+ Kb8 16. Be2 Ne4 17. O-O Nxc3 18. bxc3 Qxc3 19. Rfc1 Qa3 20. Rab1 Be4 21. Nc2 Qxa2 22. Ra1 Qd5 23. Nd4 Nxf4 24. Nxc6+ Qxc6 25. exf4 Qb6+ 26. Kh1 Qf2 27. Bf1 Rd2 28. Rc4 Bd5 29. Rca4 Rc8 30. Rxa7 e6 31. Ra8+ Kc7 32. Rxc8+ Kxc8 33. Qg4 h6 34. Qg3 Bc6 35. Rc1 Kb8 36. Rb1 Qxg3 37. hxg3 g5 38. Rb4 g4 39. Kg1 h5 40. Rb3 Kc7 41. Rb1 Bd5 42. Rc1+ Kb6 43. Rc8 Ka5 44. Ra8+ Kb4 45. Rf8 h4 46. gxh4 Rd1 47. Rxf7 Bc4 48. Rxb7+ Kc3 49. Kf2 Rxf1+ 50. Kg3 Bd5 51. Rg7 Rg1 52. Rxg4 Rxg2+ 53. Kh3 Rf2 54. h5 Be4 55. Kh4 Bf5 56. Rg3+ Kd4 57. Kg5 Ke4 58. Rg1 Kf3 59. Rh1 Rg2+ 60. Kf6 Kxf4 61. h6 Rg6+ 62. Kf7 Kxe5 63. h7 Rf6+ 64. Ke7 Bxh7 65. Rxh7 Rg6 66. Rh5+ Kd4 67. Kf7 Rg1 68. Kxe6 1/2-1/2

[Event "Malta ol (Men)"]
[Site "La Valetta"]
[Date "1980.??.??"]
[Round "?"]
[White "Pinter, Jozsef"]
[Black "Shamkovich, Leonid A"]
[Result "1/2-1/2"]
[WhiteElo "2535"]
[BlackElo "2515"]
[PlyCount "31"]
[EventDate "1980.11.??"]
[Source "www.chesslib.no"]
[SourceDate "2004.05.04"]

1. d4 Nf6 2. c4 g6 3. Nc3 d5 4. Bf4 Bg7 5. e3 c5 6. dxc5 Qa5 7. Rc1 dxc4 8. Bxc4 O-O 9. Nge2 Nc6 10. O-O Qxc5 11. Nb5 Qh5 12. f3 g5 13. Bg3 Rd8 14. Qe1 Qg6 15. Nc7 Rb8 16. Nb5 1/2-1/2